00569 a2200169 4500010001400000020001100014035001300025037001800038082001100056100002100067245010800088260003600196270009800232300002500330710002100355710002300376 aENG-85679 c350.00 aEN-69212 bD.B.Act / Pub14a954.111 aVaishnavi, B. K.1 aKashmircby B. K. Vaishnavi edited by V. K. Vaishnavi and Chetana Vaishnavibthe gordian knot 1940-2003 aChandigarhbUnistar Booksc2006 aS.C.O. 26-27, Sector 34 A,bChandigarhe160 022k0172-5077427, 5077428minfo@unistarbooks.com a182 p.c21 cm ( Hb.)1 aVaishnavi, V. K.1 aVaishnavi, Chetana